Tuyển tập công trình khoa học công nghệ 1993 - 1997; T3 Y-Nha-Dược; Công nghệ sinh học; Năng lượng mới
Guardat en:
| Autor principal: | |
|---|---|
| Format: | Llibre |
| Idioma: | Undetermined |
| Publicat: |
Cần Thơ
Trường Đại học Cần Thơ
1997
|
| Etiquetes: |
Afegir etiqueta
Sense etiquetes, Sigues el primer a etiquetar aquest registre!
|
| Thư viện lưu trữ: | Trung tâm Học liệu Trường Đại học Cần Thơ |
|---|
| LEADER | 00682nam a2200181Ia 4500 | ||
|---|---|---|---|
| 001 | CTU_26256 | ||
| 008 | 210402s9999 xx 000 0 und d | ||
| 082 | |a 607.2 | ||
| 082 | |b Tr561/T3 | ||
| 100 | |a Trường Đại học Cần Thơ | ||
| 245 | 0 | |a Tuyển tập công trình khoa học công nghệ 1993 - 1997; T3 | |
| 245 | 0 | |b Y-Nha-Dược; Công nghệ sinh học; Năng lượng mới | |
| 245 | 0 | |c Trường Đại học Cần Thơ | |
| 260 | |a Cần Thơ | ||
| 260 | |b Trường Đại học Cần Thơ | ||
| 260 | |c 1997 | ||
| 904 | |i Nguyễn Quang Điền, 981012 | ||
| 980 | |a Trung tâm Học liệu Trường Đại học Cần Thơ | ||